00462pab a2200157 454500008004000000100002300040245005900063260000900122300001300131362000800144650003200152650002900184650002800213650001200241773005100253180718b1997 xxu||||| |||| 00| 0 eng d aWilken, Marlene K. aChanging policies for changing times in long-term care c1997 ap.379-96 aFeb aHandicapped - United States aDisabled - United States aOld age - United States aOld age aInternational Journal of Public Administration